Biblioteca

The global diffusion of evangelicalism (Registro nro. 65003)

Detalles MARC
000 -LÍDER
Campo fijo de descripción fija 01924cam a2200397 i 4500
001 - NÚMERO DE CONTROL
Campo de control 20403695
003 - IDENTIFICADOR DEL NÚMERO DE CONTROL
Campo de control CO-MdFUSB
005 - FECHA Y HORA DE LA ULTIMA TRANSACCIÓN
control field 20190506113934.0
008 - ELEMENTOS DE LONGITUD FIJA -- INFORMACIÓN GENERAL
Campo fijo de descripción fija -- Información general 180312r20182013ilu g b 001 0 eng
010 ## - NÚMERO DE CONTROL DE LA BIBLIOTECA DEL CONGRESO
Número de control LC 2018011457
020 ## - NÚMERO INTERNACIONAL NORMALIZADO PARA LIBROS
Número Internacional Normalizado del libro 9780830838905 (hardcover : alk. paper)
040 ## - FUENTE DE CATALOGACIÓN
Agencia de catalogación original DLC
Idioma de catalogación spa
Convenciones de la descripción rda
Agencia que realiza la transcripción CO-MdBIC
Agencia que realiza la modificación CO-MdFUSBC
041 ## - CÓDIGO DE IDIOMA
Código de idioma para texto/pista de sonido o título separado eng
042 ## - AUTHENTICATION CODE
Authentication code pcc
082 00 - NÚMERO DE CLASIFICACIÓN DECIMAL DEWEY
Número de la edición del Dewey 24
Número de clasificación G 270.82
Clave de autor-Numero de item S787g
100 1# - ASIENTO PRINCIPAL--NOMBRE PERSONAL
Nombre personal Stanley, Brian,
Fechas asociadas con el nombre 1953-
Término relacionador autor.
245 14 - TÍTULO
Título del Material The global diffusion of evangelicalism
Parte restante del título - Subtitulo : the age of Billy Graham and John Stott
Mención de responsabilidad, etc. / Brian Stanley.
264 #1 - PRODUCCIÓN, PUBLICACIÓN, DISTRIBUCIÓN, MANUFACTURA, Y COPYRIGHT
Lugar de producción, publicación, distribución, manufactura Downers Grove :
Nombre del productor, publicador, distribuidor InterVarsity Press,
Fecha de producción, publicación, distribución, manufactura, o copyright ℗[2018]
264 #4 - PRODUCCIÓN, PUBLICACIÓN, DISTRIBUCIÓN, MANUFACTURA, Y COPYRIGHT
Fecha de producción, publicación, distribución, manufactura, o copyright ©2013
300 ## - DESCRIPCIÓN FÍSICA
Extensión 283 páginas
Dimensiones ; 24 cm
336 ## - TIPO DE CONTENIDO
Fuente rdacontent
Término de tipo de contenido texto
Código de tipo de contenido txt
337 ## - TIPO DE MEDIO
Fuente rdamedia
Nombre del tipo de medio sin mediación
Código del tipo de medio n
338 ## - TIPO DE SOPORTE
Fuente rdacarrier
Nombre del tipo de soporte volumen
Código Tipo de soporte nc
490 0# - MENCIÓN DE SERIE
Mención de serie A history of evangelicalism
500 ## - NOTA GENERAL
Nota General Originalmente publicado: 2013.
501 ## - NOTA DE “CON”
Nota de Contenido Incluye índice (páginas 267- 283)
504 ## - NOTA DE BIBLIOGRAFÍA, ETC.
Nota de bibliografía, etc Bibliografía (páginas 249- 266)
505 0# - NOTA DE CONTENIDO
Nota de contenido con formato preestablecido El cristianismo evangélico en perspectiva global -- Evangélicos, evangélicos conservadores y fundamentalistas -- Misión, evangelismo y renacimiento: la globalización de las redes evangélicas -- Erudición, la Biblia y la predicación -- Defendiendo la fe en un clima cultural cambiante -- Misión cristiana y justicia social: Lausana 1974 y el desafío del mundo mayoritario -- El fermento del espíritu: nuevos movimientos carismáticos y pentecostales -- Hermenéutica, género y ética sexual -- El evangelismo: ¿difusión o desintegración?
650 #0 - ASIENTO SECUNDARIO DE MATERIA - TERMINO TEMÁTICO
Término temático o nombre geográfico como elemento de entrada Protestantismo
9 (RLIN) 947
653 ## - TÉRMINO DE INDIZACIÓN - NO CONTROLADO
Término no controlado Evangelicalismo -- Historia
906 ## - LOCAL DATA ELEMENT F, LDF (RLIN)
a 7
b cbc
c orignew
d 1
e ecip
f 20
g y-gencatlg
942 ## - TIPO DE MATERIAL (KOHA)
Tipo de Item KOHA Libros General
Existencias
Estado de Material Estado de Perdido Forma de Clasificación Estado de Dañado No para Préstamo Colección Biblioteca de Origen Biblioteca Permanente Fecha de Adquisición Total de Préstamos Total de Renovaciones Signatura Topográfica Código de Barras Última vez visto Última vez Préstado Ejemplar/Existencia Fecha de Remplazo Tipo de Material
    Dewey Decimal Classification     Colección TID Biblioteca FUSBC Biblioteca FUSBC 06/05/2019 1 3 G 270.82 S787g 1433 12/12/2019 21/05/2019 Ej. 1 06/05/2019 Libros General

Biblioteca FUSBC | Teléfono: (57+4) 349 88 10 Ext. 141| WhatsApp (+57) 3005338115 
E-mail: biblioteca@unisbc.edu.co | Calle 76 87-14 Robledo Palenque, Medellín, Colombia

Con tecnología Koha